Statistics for Premier League Forwards 17/18 season

Click here to take the quiz!

General Stats

  • This quiz has been taken 37 times
  • The average score is 2 of 20

Answer Stats

Hint Answer % Correct
Asian :)TottenhamSon
63%
Better than De BruyneLiverpoolSalah
53%
Not in world cupArsenalSanchez
38%
10 footStokeCrouch
25%
Fatty ManagerNewcastleBenitez
16%
sh*t but welshBurnleyVokes
13%
Beaten from past half-way lineChelseaCourtois
13%
Only InForm Player hereBrightonGross
6%
moy... (guess how many OOOs)HuddersfieldMOOOOOOOOOOOOOOOOOOOOOOY
3%
He's a bird, not a playerCrystal PalaceHodgson
0%
THE BEST OF ALL TIME NO MATTER WHATEvertonSigurdsson
0%
Where's Is He?LeicesterMorgan
0%
Meant to be O.P on Fifa 18BournemouthBegovic
0%
sh*tMan CityAll of them
0%
rip off of a drinkSouthamptonForster
0%
He gives payment to ReyraWatfordPererya
0%
I like alcoholWest BromFoster
0%
Lives in the Amazon, slithers aroundWest HamArnautovic
0%

Score Distribution

Percentile by Number Answered

Percent of People with Each Score

Your Score History

You have not taken this quiz